| 000 | 01263nam a22003617a 4500 | ||
|---|---|---|---|
| 003 | CHAP | ||
| 005 | 20220329135714.0 | ||
| 008 | 971013s1967 r 00010 d | ||
| 010 | _a40840 | ||
| 011 | _a41812 | ||
| 035 | _a45938 | ||
| 040 | _cCHAP | ||
| 090 | _aTesis | ||
| 100 | 0 | 0 |
_aFlores Ysita, Sergio. _941795 |
| 245 | _aComercialización del jitomate (Lycopersicum esculentum Mill) en el Distrito Federal y algunos aspectos nacionales | ||
| 260 |
_aChapingo, Méx. : _bEl autor, _c1967 |
||
| 300 | _a79 h. | ||
| 502 | _aTesis (Maestro en Ciencias Agrícolas) -- ENA. Colegio de Postgraduados | ||
| 590 |
_aALEPH _b10 _c20130110 _lUCH01 _h1309 |
||
| 590 |
_aBATCH-UPD _b10 _c20130110 _lUCH01 _h1744 |
||
| 590 |
_aBATCH-UPD _b10 _c20130409 _lUCH01 _h2244 |
||
| 590 |
_aBATCH-UPD _b10 _c20130410 _lUCH01 _h1123 |
||
| 590 |
_aBATCH-UPD _b10 _c20130914 _lUCH01 _h1905 |
||
| 590 |
_aCONVERSION _b10 _c20130109 _lUCH01 _h1323 |
||
| 650 | 1 | 4 |
_aTomate _xAspectos económicos. _9113681 |
| 650 | 1 | 4 |
_aTomate _xMéxico (D.F.) _9113743 |
| 901 | _aBK | ||
| 942 | _cFOLL | ||
| 949 |
_bBC _cTES _d-104770 _eTS1 _i45938 _si |
||
| 949 |
_bBC _cTES _d-104771 _eTS2 _fc.2 _i45938 _si |
||
| 949 |
_bBC _cTES _d-104772 _eTS2 _fc.3 _i45938 _si |
||
| 949 |
_bBC _cTES _d-104773 _eTS2 _fc.4 _i45938 _si |
||
| 999 |
_c40840 _d40840 |
||